000
00302nam a22001457a 4500
008
221019b ||||| |||| 00| 0 eng d
020
_a
0135275644
041
_a
eng
080
_a
61
082
_a
61 WAL
100
_a
4
101
_a
MJEK
245
_a
LEARN TO RELAX
_c
WALKER C
942
_2
udc
_c
BK
999
_c
58607
_d
58607